EVERY Light SONG (2026) - Statistics

General Stats
  • This quiz has been taken 4 times
    2 since last reset
  • The average score is 143 of 186
Answer Stats
Answer % Correct
100 Eura
100%
23
100%
24hrs
100%
2 ZWES
100%
90s
100%
AGAPI (Remix)
100%
Agria Zwa
100%
Alitisa
100%
Allegra (N1)
100%
Alli Mia Fora
100%
Anexartita
100%
Arga
100%
Balkan Mafia
100%
Bella Vita
100%
BRO X3
100%
Capalot
100%
CAPO DEI CAPI
100%
Cartier
100%
Cc
100%
Cinco de Mayo
100%
City Don't Love Me
100%
CONCERTO
100%
Dealer
100%
Death Before Dishonor
100%
Drive By
100%
Drugs N Bass
100%
Easy Rider
100%
Epiloges
100%
Esy
100%
Freaky
100%
Fresh Prince
100%
Gagarin
100%
Gangsta Party
100%
Gennaro
100%
Ghetto Santa
100%
GHOSTBUSTERS
100%
G LIKE ME
100%
GOAL
100%
Goodfella
100%
Gutsi Mane
100%
Gymni
100%
Himona Kalokairi
100%
Hotel California
100%
HURACAN
100%
Iced Out
100%
Iliovasilema - Pt. 2 - Fos
100%
International Gangster
100%
Jodeci
100%
KALIKES
100%
Katapine Arga
100%
KGB
100%
Kilo
100%
King Kong
100%
Ku Je Ti
100%
Lamogia (Remix)
100%
La Vida Loca
100%
Lobby
100%
Magic
100%
MBAPPE
100%
MONEY OVER BITCHES
100%
MONOS
100%
Mosca
100%
MVP Freestyle
100%
Nani
100%
Neymar
100%
No Cap (Outro)
100%
NO DIDDY
100%
Obsessed
100%
Oi Filoi Mou Einai Ligoi
100%
OMERTA
100%
Once In A Lifetime
100%
OPLO
100%
Paei Kairos
100%
Pantha (Remix)
100%
Parto Habari
100%
Pasok
100%
Patision
100%
Peru
100%
Pes Tou - Remix
100%
Peta Ta
100%
Poios Eimai
100%
POLO
100%
Pososta
100%
Primo
100%
RAMBO
100%
Romanzo Criminale
100%
San Emas
100%
SANTA MUERTE
100%
Shake It
100%
Shut Up
100%
Slang
100%
Sold Out
100%
Sonic
100%
Spaceman
100%
SPORT
100%
Street Values
100%
Stress
100%
Strippers
100%
SUPERTRAP
100%
Taliro
100%
Ti Fovasai
100%
TONY MONTANA II
100%
Toxic
100%
Trifila (Remix)
100%
Van Persie
100%
Voodoo
100%
WOH (MegaMix)
100%
Woh (Remix)
100%
Woo Walk
100%
Xares
100%
XILIOMETRA
100%
All In
50%
Allo Class
50%
Ambert Alert
50%
Apopse
50%
Apopsi
50%
Apostasi
50%
Ballin
50%
Bentayga
50%
BIG DOGS
50%
Block
50%
Blow Up
50%
Bosses
50%
Broski
50%
Celine
50%
Christos
50%
Different
50%
Dostojevski
50%
Eksw
50%
Ela Ela
50%
FIDIA
50%
Filaki
50%
Flex
50%
FRATELLO MIO
50%
Free Mike
50%
Funny Valentine
50%
GKD
50%
Grace Kelly
50%
JAMAICA
50%
JARHEADS
50%
Jon Snow
50%
Ligi
50%
Mamacita
50%
Messy
50%
NFL
50%
No Sleep
50%
Oh Mama
50%
Oh No
50%
OJ
50%
Ola Ta Chains
50%
OMG
50%
ONE DANCE
50%
Oramata
50%
Parto Allios
50%
Poura Kai Hartia
50%
Proti Thesi
50%
PROVLIMA
50%
Rosetta Stone
50%
Roz Panthiras
50%
Seven Figure Freestyle
50%
Shiesty Mask
50%
Shorty
50%
Skoupidia
50%
Slide
50%
Spitia Oikogeneies
50%
Stan
50%
Stars
50%
Teddy Bruckshot
50%
Thelo Na Pio
50%
Toso Mprosta
50%
Trust Issues
50%
Ttg
50%
Xannie
50%
Yayo
50%
Zougla
50%
Alosi
0%
An einai dinaton
0%
Facemask
0%
LADY DIOR
0%
Lil Star
0%
MADMOISELLE
0%
Maghreb Gang
0%
Mia Klisi
0%
Otltk
0%
Public Enemy
0%
Ti Perimeneis
0%
No matching quizzes found
Score Distribution
Percent of People with Each Score
Percentile by Number Answered
Your Score History
You have not taken this quiz since the last reset